[Event "Visma IMA 2013"]
[Site "Vaxjo SWE"]
[Date "2013.06.29"]
[Round "7.2"]
[White "Carstensen,J"]
[Black "Lokander,M"]
[Result "1-0"]
[WhiteElo "2377"]
[BlackElo "2238"]

1.d4 Nf6 2.c4 g6 3.Nc3 Bg7 4.e4 d6 5.Nf3 O-O 6.Be2 e5 7.O-O Nbd7 8.Be3 Re8
9.Qc2 Ng4 10.Bg5 f6 11.Bd2 exd4 12.Nxd4 f5 13.exf5 Bxd4 14.Bxg4 Ne5 15.Bh3 Qh4
16.Kh1 gxf5 17.Nd5 Rf8 18.Nxc7 Bd7 19.Qb3 Rac8 20.c5+ Kh8 21.cxd6 Bc6 22.Ne6 Rg8
23.Bf4 Bc3 24.Qxc3 Rxg2 25.Qxe5+ Rg7+ 26.f3 Qxh3 27.Qxg7+  1-0

[Event "22nd Anderssen Mem Eliminacje"]
[Site "Wroclaw POL"]
[Date "2013.06.29"]
[Round "2"]
[White "Sabuk,P"]
[Black "Poznanska,K"]
[Result "1-0"]
[WhiteElo "2222"]
[BlackElo "2114"]

1.d4 Nf6 2.c4 g6 3.Nc3 Bg7 4.e4 O-O 5.Nf3 d6 6.Be2 Nbd7 7.O-O e5 8.Be3 c6
9.Qc2 Ng4 10.Bg5 f6 11.Bh4 g5 12.Bg3 Nh6 13.Rad1 Qe7 14.b4 Kh8 15.c5 dxc5
16.bxc5 f5 17.exf5 Nxf5 18.Ne4 h6 19.d5 cxd5 20.Rxd5 g4 21.Nfd2 Nxg3 22.hxg3 Nf6
23.Nxf6 Rxf6 24.Ne4 Rc6 25.Rd6 Rc7 26.Rfd1 Bf5 27.Qa4 Rac8 28.R6d2 h5 29.Nd6 Rf8
30.Nxf5 Rxf5 31.Qe4 Rf8 32.Bd3 Bh6 33.Rc2 Qf6 34.Kh2 Rd7 35.Rb2 Rff7 36.Rdb1 Rd4
37.Qe2 Rdd7 38.Be4 Bf8 39.Qc2 h4 40.Qc3 Rc7 41.Rxb7 hxg3+ 42.Qxg3 Rxb7 43.Bxb7 Qh6+
44.Kg1 Rxb7 45.Qxe5+ Rg7 46.Rb8 Qc1+ 47.Kh2 Qh6+ 48.Kg1 Qc1+ 49.Kh2 Qh6+
50.Kg3 Kg8 51.Qd5+ Rf7 52.Qe5 Qg7 53.Qxg7+ Rxg7 54.Rc8 Kf7 55.c6 Bd6+ 56.Kh4 g3
57.f3 Rh7+ 58.Kg4 Rh2 59.Rd8 Be5 60.f4  1-0

[Event "22nd Anderssen Mem Eliminacje"]
[Site "Wroclaw POL"]
[Date "2013.06.29"]
[Round "4"]
[White "Sabuk,P"]
[Black "Ulanowski,K"]
[Result "1-0"]
[WhiteElo "2222"]
[BlackElo "2083"]

1.d4 Nf6 2.c4 g6 3.Nc3 Bg7 4.e4 d6 5.Nf3 O-O 6.Be2 e5 7.O-O Na6 8.Be3 Ng4
9.Bg5 Qe8 10.h3 exd4 11.Nd5 f6 12.Bf4 d3 13.Bxd3 Ne5 14.Bxe5 fxe5 15.c5 c6
16.Bxa6 cxd5 17.Qxd5+ Kh8 18.cxd6 Bxh3  1-0

[Event "22nd Anderssen Mem Eliminacje"]
[Site "Wroclaw POL"]
[Date "2013.06.29"]
[Round "5"]
[White "Wielosz,J"]
[Black "Zapolski,K"]
[Result "1-0"]
[WhiteElo "1943"]
[BlackElo "2232"]

1.d4 Nf6 2.c4 g6 3.Nc3 Bg7 4.e4 d6 5.Nf3 O-O 6.Be2 e5 7.O-O exd4 8.Nxd4 Nc6
9.Nb3 a5 10.Bg5 h6 11.Bh4 g5 12.Bg3 a4 13.Nd4 Nxd4 14.Qxd4 a3 15.e5 axb2
16.Rab1 Nd7 17.Rxb2 Nxe5 18.Qd2 Be6 19.Rxb7 Nxc4 20.Qc1 Qc8 21.Rb4 d5 22.Nxd5 Bxd5
23.Bxc4 Bxc4 24.Rxc4 Rxa2 25.Rxc7 Qf5 26.Rc5 Qe6 27.Rc6 Qg4 28.Rc4 Qe2 29.Rc8 Qa6
30.Rxf8+ Bxf8 31.Be5 Qe2 32.Qc3 Rc2 33.Qg3 Bc5 34.h3 f5 35.Bd6 Bb6 36.Qb3+ Kh7
37.Qxb6 f4 38.Qb7+ Kg6 39.Qe7 Qd3 40.Qe6+ Kh5 41.Qg4+ Kg6 42.Bxf4 Qd5 43.Be3 Rc4
44.Qg3 Re4 45.Qb8 h5 46.Qb1 Kh6 47.Qc1 Kg6 48.Rd1 Qe6 49.Qc2 Kh6 50.Qc5 Kh7
51.Qc7+  1-0

[Event "22nd Anderssen Mem Eliminacje"]
[Site "Wroclaw POL"]
[Date "2013.06.29"]
[Round "6"]
[White "Grossmann,R"]
[Black "Moranda,W"]
[Result "0-1"]
[WhiteElo "2171"]
[BlackElo "2570"]

1.d4 Nf6 2.Nf3 g6 3.c4 Bg7 4.Nc3 O-O 5.e4 d6 6.Be2 Nbd7 7.O-O e5 8.Re1 c6
9.h3 a5 10.Be3 exd4 11.Bxd4 Re8 12.Bf1 Qc7 13.Qd2 a4 14.Rad1 a3 15.b3 Qa5
16.Qc2 Nc5 17.e5 Bf5 18.Qc1 dxe5 19.Bxe5 Rad8 20.Rxd8 Rxd8 21.Qe3 Nd3 22.Bxd3 Rxd3
23.Qc1 Bxh3 24.Bxf6 Bxf6 25.Ne4 Rxf3 26.gxf3 Bb2 27.Qd2 Qf5 28.Qe3 Qh5 29.Ng3 Qh4
30.Qe4 Qf6 31.Rd1 Kg7 32.Qe3 Be6 33.Kg2 h5 34.Ne4 Qh4 35.Rh1 Qe7 36.Ng5 c5
37.Nxe6+ fxe6 38.Re1 e5 39.Rd1 Bd4 40.Qe4 Qg5+ 41.Kf1 h4 42.Qxb7+ Kh6 43.Qd7 Qf4
44.Qg4 Qh2 45.Qg2 Qf4 46.Qg4 Qxg4 47.fxg4 Kg5 48.Rc1 Kxg4 49.b4 cxb4 50.c5 b3
51.axb3 a2 52.c6 Bb6 53.Ra1 h3 54.Kg1 g5 55.Rxa2 Kf3 56.b4 e4 57.Kh2 g4 58.Rc2 Bc7+
59.Kh1 e3 60.fxe3 g3 61.Rc3 g2+ 62.Kg1 h2+  0-1

[Event "11th Niki Open 2013"]
[Site "Nachod CZE"]
[Date "2013.06.30"]
[Round "2.27"]
[White "Kolibik,J"]
[Black "Zizka,J"]
[Result "1/2-1/2"]
[WhiteElo "1690"]
[BlackElo "1888"]

1.d4 Nf6 2.Nf3 g6 3.c4 Bg7 4.Nc3 d6 5.e4 O-O 6.Be2 Nbd7 7.O-O e5 8.d5 Nc5
9.Nd2 a5 10.Qc2 Ng4 11.Bxg4 Bxg4 12.f3 Bd7 13.Nb3 Nxb3 14.axb3 f5 15.Be3 b6
16.Kh1 f4 17.Bg1 g5 18.Ra2 g4 19.Rfa1 Rb8 20.b4 axb4 21.Nb5 gxf3 22.Ra7 b3
23.Qf2 fxg2+ 24.Qxg2 Bxb5 25.cxb5 Qd7 26.Qf3 Bf6 27.Bf2 Kh8 28.Rc1 Bd8 29.Rg1 Rg8
30.Rxg8+ Kxg8 31.Qxb3 Qg4 32.Ra1 Kh8 33.Qd3 Bf6 34.Rg1 Qd7 35.Ra1 Rg8 36.Rg1 Ra8
37.Be1 Ra4 38.Bc3 Qc8 39.Qf3 Qe8 40.Qe2 Ra8 41.b3 Qf7 42.Qg4 Bg7 43.Kg2 Qg6
44.Kf3 Qxg4+ 45.Kxg4 Kg8 46.Ra1 Rxa1 47.Bxa1 Kf7 48.Bc3 Kg6 49.Be1 Bf6 50.Bf2 Be7
51.Be1  1/2-1/2

[Event "XXII Anderssen Mem Final A"]
[Site "Wroclaw POL"]
[Date "2013.06.30"]
[Round "2.2"]
[White "Sabuk,P"]
[Black "Moranda,W"]
[Result "1-0"]
[WhiteElo "2222"]
[BlackElo "2570"]

1.d4 Nf6 2.c4 g6 3.Nc3 Bg7 4.e4 d6 5.Nf3 O-O 6.Be2 Nbd7 7.O-O e5 8.Be3 c6
9.d5 c5 10.Ne1 Kh8 11.Kh1 Ng8 12.g4 f5 13.gxf5 gxf5 14.exf5 Nh6 15.Ne4 Nxf5
16.Bg5 Nf6 17.Nf3 Qe8 18.Nfd2 b5 19.b3 bxc4 20.bxc4 Rb8 21.Rg1 Bd7 22.Rb1 Rxb1
23.Qxb1 Nd4 24.Bxf6 Bxf6 25.Bg4 Be7 26.Qb7 Bxg4 27.Rxg4 Qf7 28.Rg3 Nf5 29.Rf3 Qg7
30.Nf1 Qg4 31.Ned2 e4 32.Rxf5 Rxf5 33.Qc8+ Bf8 34.Ne3  1-0

[Event "IsBank TCh-TUR 2013"]
[Site "Denizli TUR"]
[Date "2013.07.01"]
[Round "3.3"]
[White "Khurtsidze,N"]
[Black "Mamedov,Rau"]
[Result "1/2-1/2"]
[WhiteElo "2428"]
[BlackElo "2637"]

1.d4 Nf6 2.c4 g6 3.Nf3 Bg7 4.Nc3 O-O 5.e4 d6 6.Be2 Na6 7.O-O e5 8.Be3 Qe7
9.dxe5 dxe5 10.Nd5 Qd8 11.Nxf6+ Bxf6 12.c5 Qxd1 13.Rfxd1 Nb4 14.Rd2 Be6  1/2-1/2

[Event "4th Kiryat Ono Open A"]
[Site "Kiryat Ono ISR"]
[Date "2013.07.01"]
[Round "2.4"]
[White "Kantsler,B"]
[Black "Haimovich,T"]
[Result "1/2-1/2"]
[WhiteElo "2430"]
[BlackElo "2352"]

1.d4 Nf6 2.c4 g6 3.Nf3 Bg7 4.Nc3 O-O 5.e4 d6 6.Be2 e5 7.O-O exd4 8.Nxd4 Re8
9.f3 c6 10.Kh1 Nbd7 11.Bf4 Ne5 12.Qd2 a6 13.Rfd1 Nh5 14.Bg5 Bf6 15.Be3 Bg7
16.Bg5 Bf6 17.Bh6 Bg7 18.Bg5  1/2-1/2

[Event "4th Kiryat Ono Open A"]
[Site "Kiryat Ono ISR"]
[Date "2013.07.01"]
[Round "2.7"]
[White "Zilberman,Y"]
[Black "Bakalchuk,Johnatan"]
[Result "1-0"]
[WhiteElo "2389"]
[BlackElo "2151"]

1.d4 Nf6 2.Nf3 g6 3.c4 Bg7 4.Nc3 O-O 5.e4 d6 6.Be2 Na6 7.O-O e5 8.d5 Nh5
9.g3 f5 10.exf5 Bxf5 11.Ng5 Nf6 12.Bd3 Bd7 13.Nge4 Nxe4 14.Nxe4 Bf5 15.Be3 b6
16.a3 Nc5 17.Bxc5 bxc5 18.b4 cxb4 19.axb4 Qb8 20.Qd2 Qb6 21.c5 dxc5 22.bxc5 Qb3
23.Bc2 Qf3 24.Ng5 Qh5 25.Bxf5 gxf5 26.d6 cxd6 27.cxd6 Kh8 28.Ne6 Rg8 29.d7 Bf6
30.Qd5 e4 31.Ra5 e3 32.fxe3 Qe2 33.Qf3 Qd3 34.Rd5 Qb3 35.Rfd1 Bd8 36.R5d3 Qxe6
37.Qxa8 f4 38.Qd5 Qxd5 39.Rxd5 fxg3 40.hxg3 Rxg3+ 41.Kf2 Rg7 42.Rf5  1-0

[Event "8th Vladimir Dvorkovich Cup"]
[Site "Moscow RUS"]
[Date "2013.07.01"]
[Round "6.10"]
[White "Zenzera,A"]
[Black "Dai,Changren"]
[Result "1-0"]
[WhiteElo "2400"]
[BlackElo "2174"]

1.d4 Nf6 2.c4 g6 3.Nc3 Bg7 4.e4 d6 5.Nf3 O-O 6.Be2 e5 7.Be3 c6 8.dxe5 dxe5
9.O-O Qe7 10.a3 Na6 11.b4 Bg4 12.Nd2 Bxe2 13.Qxe2 Rfd8 14.Rad1 Nc7 15.Nf3 Nh5
16.Rxd8+ Rxd8 17.Rd1 Nf4 18.Rxd8+ Qxd8 19.Qd2 Qxd2 20.Nxd2 a6 21.Nb3 Nfe6
22.Na5 b5 23.Nxc6 bxc4 24.a4 f5 25.b5 axb5 26.axb5 Nd4 27.b6 Na6 28.Na5 f4
29.Bd2 Nb3 30.Nxc4 Kf7 31.Nd5 Nxd2 32.Nxd2 Ke6 33.Nc4 Kd7 34.h4 Kc6 35.h5 gxh5
36.Kh2 Kc5 37.Na5 Bf8 38.Kh3 Kb5 39.Nb7 Bc5 40.f3 Bxb6 41.Nd6+ Kc6 42.Nf7 Bd4
43.Ng5 h6 44.Nf7 Nc5 45.Nxh6 Nd3 46.Nf6 Kd6 47.Nxh5 Ke6 48.Ng4 Bc5 49.Nhf6 Be7
50.Nd5 Bg5 51.Kh2 Bh4 52.Kg1 Bd8 53.Kf1 Ba5 54.Nh6 Nb4 55.Nxb4 Bxb4 56.Kg1 Kf6
57.Ng4+ Ke6 58.Kh2 Be1 59.Kh3 Kd6 60.Nf6 Ke6 61.Nd5 Kf7 62.Kg4 Kg6 63.Ne7+ Kf6
64.Nc6 Bc3 65.Kh5 Bd2 66.Na7 Bb4 67.Nb5 Ba5 68.Kh6 Ke6 69.Kg6 Bd8 70.Nc3 Be7
71.Ne2 Bh4 72.Ng1 Be1 73.Nh3 Bc3 74.Ng5+ Ke7 75.Kf5 Bd4 76.Nh7 Bc3 77.Nf6 Kd6
78.Ng4 Bb2 79.Kf6 Bc1 80.Nh6 Bb2 81.Nf7+ Kd7 82.Kf5  1-0

[Event "11th Niki Open 2013"]
[Site "Nachod CZE"]
[Date "2013.07.01"]
[Round "3.9"]
[White "Tesar,J"]
[Black "Karlik,V"]
[Result "1/2-1/2"]
[WhiteElo "2094"]
[BlackElo "2294"]

1.Nf3 d6 2.c4 g6 3.d4 Bg7 4.Nc3 Nd7 5.e4 e5 6.Be2 Ngf6 7.O-O O-O 8.Re1 c6
9.Bf1 exd4 10.Nxd4 Ng4 11.Nf3 Nde5 12.h3 Nxf3+ 13.Qxf3 Ne5 14.Qg3 Re8 15.b3 f5
16.Bg5 Qa5 17.Bd2 Qb6 18.Rad1 Nf7 19.Na4 Qd8 20.c5 fxe4 21.cxd6 Qxd6 22.Bf4 Qf6
23.Nc5 Qf5 24.Qe3 b6 25.Nxe4 Be6 26.Qg3 Bd5 27.Nd6 Nxd6 28.Bxd6 Qc2 29.Qg4 a5
30.Rxe8+ Rxe8 31.Qd7 Qe4 32.Rd2 Qe1 33.Rd1 Qe4 34.Rd2 Qe1 35.Rd1 Qe4  1/2-1/2

[Event "VIII Wroclaw Open A 2013"]
[Site "Wroclaw POL"]
[Date "2013.07.01"]
[Round "1.15"]
[White "Sliwicka,Alicja"]
[Black "Cukrowski,F"]
[Result "0-1"]
[WhiteElo "1817"]
[BlackElo "2175"]

1.d4 Nf6 2.c4 g6 3.Nc3 Bg7 4.e4 d6 5.Nf3 O-O 6.Be2 Nbd7 7.O-O e5 8.Be3 Re8
9.Qc2 Ng4 10.Bg5 Bf6 11.Bxf6 Ngxf6 12.d5 a5 13.a3 a4 14.Nd2 Nc5 15.Rfb1 Bd7
16.b4 axb3 17.Nxb3 Na4 18.f3 b6 19.Na2 Nh5 20.Nb4 f5 21.Nd3 Qh4 22.Re1 Rf8
23.Qd2 fxe4 24.fxe4 Nf6 25.g3 Qxe4 26.Bd1 Qxc4 27.Nb4 Qc3 28.Rc1 Qxd2 29.Nxd2 Nc5
30.Nc4 Bb5 31.Re3 Kg7 32.Bf3 Rf7 33.Nd2 Raf8 34.Rce1 Ng8 35.Bg4 Ne7 36.Bh3 Rf2
37.Ne4 Rb2 38.Nc3 Bc4 39.Rc1 Rb3 40.Nd1 Nxd5 41.Rxb3 Bxb3 42.Bg2 Ne7 43.Nc3 Nf5
44.Re1 Nd4 45.Re3 Bc4 46.Nbd5 Rf7 47.Nb4 h6 48.Nbd5 Ncb3 49.a4 Nd2 50.Kh1 Nc2  0-1

[Event "VIII Wroclaw Open A 2013"]
[Site "Wroclaw POL"]
[Date "2013.07.01"]
[Round "1.6"]
[White "Matuszewski,Mi"]
[Black "Kulas,S"]
[Result "1-0"]
[WhiteElo "2410"]
[BlackElo "2029"]

1.d4 Nf6 2.c4 g6 3.Nc3 Bg7 4.e4 d6 5.Be2 O-O 6.Nf3 Nbd7 7.O-O e5 8.Re1 Re8
9.d5 Nc5 10.Bf1 a5 11.b3 Nh5 12.a3 f5 13.Bg5 Nf6 14.Nd2 f4 15.b4 Ncd7 16.Qc2 b6
17.Na4 Bf8 18.Rec1 h6 19.Bxf6 Qxf6 20.Be2 h5 21.c5 dxc5 22.bxc5 Nxc5 23.Nxc5 Bxc5
24.Nb3 Bd6 25.Qc6 Bh3 26.Rc3 a4 27.Nc1 Bf5 28.f3 Rad8 29.exf5 e4 30.Na2 Bc5+
31.Rxc5 Qxa1+ 32.Rc1 Qd4+ 33.Kh1 exf3 34.Bxf3 Qd2 35.Qxg6+ Kh8 36.h3 Re1+
37.Kh2 Rxc1 38.Nxc1 Qe1 39.Ne2  1-0

[Event "4th Kiryat Ono Open A"]
[Site "Kiryat Ono ISR"]
[Date "2013.07.02"]
[Round "3.4"]
[White "Aharonovich,Itamar"]
[Black "Kantsler,B"]
[Result "0-1"]
[WhiteElo "1995"]
[BlackElo "2430"]

1.d4 d6 2.Nf3 g6 3.c4 Bg7 4.Nc3 Nf6 5.e4 O-O 6.Be2 Nbd7 7.O-O e5 8.Be3 Ng4
9.Bg5 f6 10.Bc1 c6 11.h3 Nh6 12.Qc2 f5 13.dxe5 dxe5 14.Rd1 Qe7 15.a3 Nf6
16.Bg5 Nf7 17.Bxf6 Bxf6 18.b4 Kg7 19.c5 f4 20.Bc4 g5 21.Qa2 h5 22.Bxf7 Rxf7
23.Rd6 g4 24.hxg4 hxg4 25.Ne1 Bh4 26.Ne2 f3 27.g3 fxe2 28.gxh4 g3 29.f3 Qxh4
30.Qxe2 Bg4 31.Ra2 Rh8 32.Qg2 Bh3 33.Qe2 Rh5 34.Ng2 Bxg2 35.Qxg2 Qf4 36.Re2 Qc1+  0-1

[Event "4th ch-Vojvodina Int"]
[Site "Novi Sad SRB"]
[Date "2013.07.02"]
[Round "7.10"]
[White "Laketic,G"]
[Black "Kler,B"]
[Result "1-0"]
[WhiteElo "2410"]
[BlackElo "2242"]

1.d4 Nf6 2.c4 g6 3.Nc3 Bg7 4.e4 d6 5.Nf3 O-O 6.Be2 e5 7.d5 Nbd7 8.Bg5 h6
9.Bh4 g5 10.Bg3 Nh5 11.h4 Nf4 12.hxg5 hxg5 13.Bf1 Qf6 14.Qc2 a5 15.Nd2 c6
16.f3 Qg6 17.Bf2 cxd5 18.Nxd5 Nxd5 19.cxd5 Nf6 20.Qc7 Ne8 21.Qb6 f5 22.Bd3 g4
23.O-O-O Rf7 24.Kb1 fxe4 25.Nxe4 Bf5 26.Ka1 a4 27.a3 Rd7 28.Bh4 Nf6 29.Nxf6+ Bxf6
30.Bxf6 Qxf6 31.Bxf5 Qxf5 32.Rh6 Rad8 33.Rdh1 Kf7 34.R6h5 Qf4 35.R5h4 Qd2
36.Rxg4 Kf6 37.f4 Rc8 38.fxe5+  1-0

[Event "4th AIMAG Men"]
[Site "Incheon KOR"]
[Date "2013.07.03"]
[Round "6.9"]
[White "Ghaem Maghami,E"]
[Black "Gundavaa,B"]
[Result "1/2-1/2"]
[WhiteElo "2554"]
[BlackElo "2516"]

1.c4 Nf6 2.Nc3 g6 3.e4 d6 4.d4 Bg7 5.Nf3 O-O 6.Be2 e5 7.O-O Na6 8.Be3 Ng4
9.Bg5 Qe8 10.dxe5 dxe5 11.h3 h6 12.Bd2 Nf6 13.Be3 Qe7 14.a3 c6 15.b4 Nh5
16.Re1 Nf4 17.Bf1 Rd8 18.Qc2 Ne6 19.Rad1 Nd4 20.Bxd4 exd4 21.Ne2 c5 22.b5 Nc7
23.Nf4 b6 24.a4 a6 25.Nd5 Nxd5 26.cxd5 axb5 27.Bxb5 Bd7 28.Rb1 Ra5 29.Bxd7 Qxd7
30.Rxb6 Qxa4 31.Qxa4 Rxa4 32.Rc6 c4 33.d6 c3 34.e5 Ra5 35.Rc4 Rd5 36.Nxd4 Re8
37.Nf3 f6 38.Rxc3 fxe5 39.Rce3 Kf7 40.d7 Rxd7 41.Nxe5+ Bxe5 42.Rxe5 Rxe5
43.Rxe5 Kf6 44.Ra5 h5 45.g3 Rd3 46.Kg2 Rb3 47.Ra4 Rc3 48.Re4 Ra3 49.Re3 Ra2
50.Kf3 Rb2 51.Ra3 Rc2 52.Ke3 Rb2 53.h4 Rc2 54.Ra6+ Kf5 55.Ra5+ Kf6 56.Rd5 Ra2
57.f3 Ra4 58.Rd4 Ra5 59.g4 hxg4 60.fxg4 Ra1 61.Rd6+ Kg7 62.Rd7+ Kf6 63.Rd6+ Kg7
64.Rd4 Rh1 65.Kf4 Kh6 66.Kg3 Rg1+ 67.Kh2 Ra1 68.Re4 Ra3 69.Kg2 Rb3 70.Re7 Ra3
71.Rf7 Ra4 72.Kg3 Ra3+ 73.Rf3 Ra4 74.Re3 Rb4 75.Re7 Rb3+ 76.Kf4 Rb4+ 77.Re4 Rb1
78.Re7 Rb4+ 79.Kf3 Rb3+ 80.Re3 Rb4 81.Re4 Rb1 82.Re8 Rb3+ 83.Kf4 Rb4+ 84.Re4 Rb1
85.Ra4 Rf1+ 86.Ke5 Re1+ 87.Re4 Rf1 88.Ke6 Kg7 89.g5 Ra1 90.Rd4 Re1+ 91.Kd5 Ra1
92.Ke5 Re1+ 93.Kd6 Ra1 94.Kd7 Ra2 95.Kd8 Rh2 96.Rd7+ Kf8 97.Rd4 Kg7 98.Re4 Rd2+
99.Ke7 Ra2 100.Ke6  1/2-1/2

[Event "4th AIMAG Women"]
[Site "Incheon KOR"]
[Date "2013.07.03"]
[Round "6.2"]
[White "Zhao Xue"]
[Black "Bhakti,K"]
[Result "1/2-1/2"]
[WhiteElo "2565"]
[BlackElo "2246"]

1.d4 Nf6 2.c4 g6 3.Nc3 Bg7 4.e4 d6 5.Be2 O-O 6.Nf3 Na6 7.O-O e5 8.Be3 Ng4
9.Bg5 Qe8 10.Re1 exd4 11.Nxd4 Qe5 12.Nf3 Qc5 13.Bh4 f5 14.exf5 Bxf5 15.a3 c6
16.Na4 Qa5 17.Be7 Rf7 18.b4 Qc7 19.Bxd6 Qd7 20.Ra2 b5 21.cxb5 cxb5 22.Qd5 Nc7
23.Qc5 Ne6 24.Qxb5 Qxd6 25.Bc4 Kh8 26.Qd5 Qb8 27.Rxe6 Bxe6 28.Qxe6 Rxf3 29.Qxg4 Rf4
30.Qe6 Qf8 31.g3 Rf6 32.Qg4 h5 33.Qg5 Bh6 34.Qa5 Qd6 35.Re2 Rf5 36.Nc5 Raf8
37.Qa6 Qd1+ 38.Kg2 R5f6 39.Qb5 Qd4 40.Ne4 Rb6 41.Qc5 Qd8 42.Qe5+ Bg7 43.Qg5 Qxg5
44.Nxg5 Rc6 45.Bd3 Bf6 46.Ne4 Be7 47.h4 Rd8 48.Bc2 Rdc8 49.Bb3 Ra6 50.Ra2 Rd8
51.Bc4 Rc6 52.Bb5 Rc1 53.Be2 Rdc8 54.Bd3 Rd1 55.Bc2 Rc1 56.Bb3 Re1 57.Nd2 Rc3
58.Bd5 Rcc1 59.Nf3 Red1 60.Be4 Kg7 61.Re2 Bf6 62.b5 Ra1 63.a4 Rdc1 64.Rd2 Rxa4
65.Rd7+ Kh6 66.Bc6 Rc2 67.Rf7 Bg7 68.Ng5 Raa2 69.Be4 Rd2 70.Bc6 Rab2 71.Ne4 Re2
72.Rxa7 Rxe4 73.Bxe4 Rxf2+ 74.Kh3 Re2 75.Re7 Bf6 76.Re6 Kg7 77.b6 Kf7 78.b7 Kxe6
79.b8=Q Rxe4 80.Qe8+ Kf5 81.Qd7+ Ke5 82.Qb5+ Ke6 83.Qc6+ Ke5 84.Kg2 Rg4 85.Kf3 Kf5
86.Qd7+ Ke5 87.Qc6 Kf5 88.Qc8+ Ke5 89.Qd7 Rd4 90.Qf7 Rg4 91.Kf2 Kf5 92.Qf8 Ke6
93.Qc8+ Kd5 94.Qg8+ Kd6 95.Qf8+ Ke6 96.Qe8+ Kd5 97.Qf7+ Ke5 98.Kf3 Kf5 99.Qf8 Ke6
100.Qg8+ Kd6 101.Qf8+ Ke6 102.Qc8+ Kf7 103.Qd7+ Kg8 104.Ke2 Re4+ 105.Kf2 Rg4
106.Qe6+ Kg7 107.Kf3 Rd4 108.Ke3 Rg4 109.Qd7+ Kg8 110.Qc7 Kf8 111.Kd3 Rd4+
112.Kc2 Rg4 113.Kb3 Kg8 114.Qd6 Kf7 115.Qd7+ Kg8 116.Qe6+ Kg7 117.Qd6 Kf7
118.Qd5+ Kg7 119.Qd6 Kf7 120.Qd5+ Kg7 121.Qd6 Kf7 122.Qd5+  1/2-1/2

[Event "Opatija Open A 2013"]
[Site "Opatija CRO"]
[Date "2013.07.03"]
[Round "5.1"]
[White "Bosiocic,Mari"]
[Black "Shariyazdanov,A"]
[Result "1-0"]
[WhiteElo "2556"]
[BlackElo "2579"]

1.d4 Nf6 2.c4 g6 3.Nc3 Bg7 4.e4 d6 5.Nf3 O-O 6.Be2 e5 7.O-O Na6 8.Be3 h6
9.h3 exd4 10.Bxd4 Re8 11.Bd3 Nc5 12.Re1 b6 13.Bc2 Bb7 14.Nd2 Ne6 15.Be3 c6
16.Nf3 Qe7 17.Qd2 Qf8 18.Rad1 Rad8 19.Qc1 Nc5 20.Qb1 Nfd7 21.Nd4 Ne5 22.b3 Ne6
23.Nde2 Nd7 24.Qc1 Nf6 25.Qa3 Qe7 26.Qa4 Rc8 27.Qxa7 Ra8 28.Qxb6 Ra6 29.Qb4 c5
30.Qb5 Rb8 31.Nd5 Qd8 32.e5 Rxa2 33.Nxf6+ Bxf6 34.Rxd6 Qc8 35.exf6 Rxc2 36.Qd7 Qxd7
37.Rxd7 Bc8 38.Rd3 Rb2 39.Nc1 g5 40.Rd5 Rb1 41.Kf1 Kh7 42.Bxc5 Bb7 43.Rde5 Nf4
44.f3 Rb2 45.Bf2 Rd8 46.Re7 Bc8 47.Rxf7+ Kg6 48.Rc7 Bf5 49.f7 Be6 50.Bg3 Bxf7
51.Bxf4 gxf4 52.Rce7 Rdd2 53.R7e2 Kf6 54.Rxd2 Rxd2 55.Ne2 Rd3 56.Nxf4 Rxb3
57.Nd5+ Kg7 58.Kf2 Rd3 59.Re7 Rd4 60.Rc7 Kf8 61.Ke3  1-0

[Event "41st TCh-GRE"]
[Site "Rio (Achaia) GRE"]
[Date "2013.07.03"]
[Round "2.1"]
[White "Postny,E"]
[Black "Kotronias,V"]
[Result "0-1"]
[WhiteElo "2645"]
[BlackElo "2581"]

1.d4 Nf6 2.c4 g6 3.Nc3 Bg7 4.e4 d6 5.Nf3 O-O 6.Be2 e5 7.Be3 c6 8.d5 Na6 9.O-O Ng4
10.Bg5 f6 11.Bh4 c5 12.Ne1 h5 13.a3 Qe7 14.Nd3 Bd7 15.h3 Nh6 16.b4 b6 17.Rb1 g5
18.Bg3 h4 19.Bh2 f5 20.bxc5 bxc5 21.Rb7 Rfb8 22.Rxb8+ Rxb8 23.f3 g4 24.fxg4 fxg4
25.hxg4 Qg5 26.Nf2 Nc7 27.Kh1 Qg6 28.Nb5 Nxb5 29.cxb5 Rc8 30.a4 c4 31.Bf3 Bf6
32.Bg1 c3 33.Qc2 Bd8 34.Nh3 Bb6 35.Bxb6 axb6 36.Qf2 c2 37.Rc1 Nxg4 38.Qxh4 Nf6
39.Kg1 Kg7 40.Qg5 Bxh3 41.Qxg6+ Kxg6 42.gxh3 Rc3 43.Kf2 Nd7 44.Be2 Nc5 45.a5 bxa5
46.b6 Kg5 47.Rg1+ Kf6 48.Rc1 Ke7 49.h4 Kd8 50.h5 Nb3 51.Rxc2 Rxc2 52.h6 Rc8
53.Bg4 Rb8 54.h7 Ke7 55.b7 Rf8+ 56.Ke3 Nc5 57.Bc8 Nxb7  0-1

[Event "41st TCh-GRE"]
[Site "Rio (Achaia) GRE"]
[Date "2013.07.03"]
[Round "2.10"]
[White "Serpetsidakis,Nikolaos"]
[Black "Androutsopoulos-Agiotatos,Vasil"]
[Result "0-1"]
[WhiteElo "1610"]
[BlackElo "1614"]

1.d4 Nf6 2.c4 g6 3.Nc3 Bg7 4.e4 d6 5.Nf3 O-O 6.Be2 e5 7.O-O exd4 8.Nxd4 Re8
9.f3 c6 10.Nc2 Bf8 11.Be3 Na6 12.Kh1 Nc7 13.g4 d5 14.cxd5 cxd5 15.g5 Nh5
16.exd5 Bf5 17.Bd3 Nxd5 18.Bxf5 Nxe3 19.Nxe3 Rxe3 20.Be4 Qxg5 21.Nd5 Rd8
22.Qc1 Rxd5 23.Bxd5 Nf4 24.Rg1 Qe5 25.Be4 Rxe4 26.Re1 Rxe1+ 27.Qxe1 Qxb2
28.Qf1 b6 29.Rb1 Qxa2 30.Ra1 Qb2 31.Rxa7 b5 32.Ra1 b4 33.Rb1 Qc3 34.Qd1 Nd3
35.Rb3 Nf2+  0-1

[Event "41st TCh-GRE"]
[Site "Rio (Achaia) GRE"]
[Date "2013.07.04"]
[Round "4.10"]
[White "Serpetsidakis,Nikolaos"]
[Black "Petrakis,Stylianos"]
[Result "1/2-1/2"]
[WhiteElo "1610"]
[BlackElo "1552"]

1.d4 Nf6 2.c4 g6 3.Nc3 Bg7 4.e4 O-O 5.Nf3 d6 6.Be2 e5 7.d5 a5 8.O-O Na6 9.Bg5 h6
10.Bh4 g5 11.Bg3 Nh5 12.Nd2 Nxg3 13.fxg3 f5 14.exf5 Bxf5 15.Nde4 Qd7 16.g4 Bg6
17.Bd3 Rxf1+ 18.Kxf1 Rf8+ 19.Kg1 Bh7 20.h3 Nb4 21.Bb1 Qf7 22.a3 Na6 23.Bd3 Nc5
24.Nxc5 Qf2+ 25.Kh1 Qxc5 26.Bxh7+ Kxh7 27.Qd3+ Kg8 28.Ne4 Qb6 29.b3 Qd4 30.Qxd4 exd4
31.Kg1 d3 32.Rd1 Rf4 33.Ng3 Bd4+ 34.Kh2 Bc5 35.a4 Kf7 36.Rxd3 Kg6 37.Rf3 Rf7
38.Ne4 Bd4 39.Rxf7 Kxf7 40.h4 Be3 41.Kg3 Ke7 42.Kf3 Bf4 43.h5 c6 44.Ke2 Be5
45.Ke3 Kd7 46.Nf2 Ke7 47.Ke4 Kf6 48.Nd3 Bc3 49.Nc1 c5 50.Ne2 Be5 51.Ng1 Bd4
52.Nf3 Bc3 53.Nh2 Be5 54.Nf3 Bc3 55.Ng1 Bd4 56.Ne2  1/2-1/2

[Event "2nd Arberopen 2013"]
[Site "Bayerisch Eisenstein GER"]
[Date "2013.07.05"]
[Round "7.23"]
[White "Selig,R"]
[Black "Forgach,A"]
[Result "1/2-1/2"]
[WhiteElo "1973"]
[BlackElo "1919"]

1.d4 Nf6 2.c4 g6 3.Nc3 Bg7 4.e4 d6 5.Nf3 O-O 6.Be2 e5 7.dxe5 dxe5 8.Qxd8 Rxd8
9.Bg5 Na6 10.Nd5 Rd6 11.Nxf6+ Bxf6 12.Bxf6 Rxf6 13.Nxe5 Re6 14.f4 f6 15.Ng4 h5
16.Nf2 Re7 17.O-O Bd7 18.Bf3 Bc6 19.Rfe1 Kg7 20.Re3 Nc5 21.b4 Ne6 22.b5 Be8
23.Nd3 Nd4 24.Rc1 Rd8 25.Kf2 Bf7 26.g3 Nxf3 27.Kxf3 Rd4 28.e5 Rxc4 29.exf6+ Kxf6
30.Rxe7 Kxe7 31.Re1+ Kf6 32.Ke3 Rc2 33.a4 Rxh2 34.Rc1 Ra2 35.Rxc7 Rxa4 36.Rxb7 Bc4
37.Ne5 Bd5 38.Rd7 Be6 39.Rc7 Ra3+ 40.Kd4 Rxg3 41.Rxa7 Rb3 42.Kc5 Rc3+ 43.Kb4 Rb3+
44.Kc5 Rc3+ 45.Kd6 Rb3 46.Kc6 Bf5 47.b6 Be4+ 48.Kc7 h4 49.Ra4 Kf5 50.Nxg6 h3
51.Ne7+ Kxf4 52.Nd5+ Kf3 53.b7 Rxb7+ 54.Kxb7 Bxd5+ 55.Kc7 Kg3 56.Ra6  1/2-1/2

[Event "20th Abu Dhabi Masters 2013"]
[Site "Abu Dhabi UAE"]
[Date "2013.07.06"]
[Round "7.2"]
[White "Kurnosov,I"]
[Black "Ramnath,B"]
[Result "1/2-1/2"]
[WhiteElo "2657"]
[BlackElo "2352"]

1.d4 Nf6 2.c4 g6 3.Nc3 Bg7 4.e4 d6 5.Nf3 O-O 6.Be2 e5 7.O-O exd4 8.Nxd4 Re8
9.f3 Nc6 10.Be3 Nh5 11.Nc2 Be5 12.g3 f5 13.Qd2 Bg7 14.Bg5 Nf6 15.Rad1 Be6
16.Rf2 Qd7 17.Nd5 Rf8 18.exf5 Bxf5 19.Bxf6 Bxf6 20.Nxf6+ Rxf6 21.Ne3 Qg7
22.f4 Be4 23.Re1 Rff8 24.Nd5 Rae8 25.Bg4 Bxd5 26.cxd5 Nd4 27.Be6+ Kh8 28.Re4 c5
29.Qe3 Re7 30.g4 Rfe8 31.Kh1 Qf6 32.f5 gxf5 33.gxf5 Rg7 34.Qf4 h6 35.Re1 Rd8
36.Rff1 Nxe6 37.Rxe6 Qxb2 38.Rxh6+ Kg8 39.Rg6 Qe5 40.Rxg7+ Kxg7 41.Qg5+ Kf7
42.Qg6+ Kf8 43.Qh6+ Kf7 44.Qe6+ Qxe6 45.fxe6+ Kg6 46.Kg2 c4 47.Rf3 Rc8 48.h4  1/2-1/2

[Event "ch-BEL Open 2013"]
[Site "Antwerp BEL"]
[Date "2013.07.06"]
[Round "1.38"]
[White "Vander Voort,Patrick"]
[Black "Van Melkebeke,W"]
[Result "0-1"]
[WhiteElo "1664"]
[BlackElo "1988"]

1.d4 Nf6 2.Nf3 g6 3.c4 Bg7 4.Nc3 O-O 5.e4 d6 6.Be2 e5 7.dxe5 dxe5 8.O-O c6
9.Bg5 Qc7 10.h3 Be6 11.Qc1 Na6 12.Be3 Nh5 13.Rd1 Rad8 14.Ng5 Nf4 15.Bxf4 exf4
16.Nxe6 fxe6 17.f3 Bd4+ 18.Kh1 Be3 19.Qc2 e5 20.a3 Nc5 21.b4 Ne6 22.Rxd8 Qxd8
23.Bd3 h5 24.Ne2 Qh4 25.Qd1 Rd8 26.Nc1 Kg7 27.Qf1 g5 28.Be2 g4 29.fxg4 hxg4
30.Bxg4 Qxg4 31.hxg4 Rh8+  0-1

[Event "IsBank TCh-TUR 2013"]
[Site "Denizli TUR"]
[Date "2013.07.06"]
[Round "9.7"]
[White "Ozdover,M"]
[Black "Sumer,G"]
[Result "1/2-1/2"]
[WhiteElo "2005"]
[BlackElo "1935"]

1.d4 Nf6 2.c4 g6 3.Nc3 Bg7 4.e4 d6 5.Nf3 O-O 6.Be2 e5 7.dxe5 dxe5 8.Qxd8 Rxd8
9.Bg5 Re8 10.Nd5 Nxd5 11.cxd5 c6 12.Bc4 cxd5 13.Bxd5 Nd7 14.Nd2 Nc5 15.O-O-O Be6
16.Bxe6 Nxe6 17.Be3 Bf8 18.Kb1 Bc5 19.Bxc5 Nxc5 20.f3 Nd3 21.Rhf1 Rac8 22.Nc4 Rxc4
23.Rxd3 Rc7 24.Rc1 Ree7 25.Rxc7 Rxc7 26.Rd5 f6 27.a3 Kf7 28.Rd8 Ke7 29.Rh8 Ke6
30.Re8+ Kf7 31.Rh8 Kg7 32.Re8  1/2-1/2

[Event "St. Pauli Open 2013"]
[Site "Hamburg GER"]
[Date "2013.07.06"]
[Round "1.12"]
[White "Ditmas,H"]
[Black "Groetz,H"]
[Result "0-1"]
[WhiteElo "2019"]
[BlackElo "2319"]

1.d4 Nf6 2.c4 g6 3.Nc3 Bg7 4.e4 d6 5.Be2 O-O 6.Nf3 e5 7.O-O Na6 8.Be3 Ng4
9.Bg5 f6 10.Bh4 Qe8 11.h3 Nh6 12.Qd2 c6 13.Rad1 Nf7 14.d5 c5 15.a3 f5 16.exf5 gxf5
17.Nh2 Bh6 18.Qc2 Nh8 19.Nb5 Qd7 20.Bh5 Ng6 21.Bxg6 hxg6 22.Nf3 Nc7 23.Nxc7 Qxc7
24.Bg5 Bg7 25.Rfe1 a5 26.a4 Qf7 27.Bd2 Bf6 28.Bh6 Re8 29.Bc1 Qe7 30.b3 Kg7
31.Nh2 g5 32.f3 Bd7 33.Bb2 Rh8 34.Qe2 Rh4 35.Bc1 Rah8 36.Bb2 Qf7 37.Rd3 Qg6
38.Re3 Kf7 39.Qc2 Qh6 40.R3e2 b6 41.Rf1 Ke8 42.Bc1 Qg7 43.Bb2 Kd8 44.Ref2 Kc7
45.Qd2 R8h6 46.Bc3 Kb7 47.Qb2 g4 48.fxg4 fxg4 49.Rxf6 Rxf6 50.Rxf6 Qxf6 51.Be1 Rh8
52.h4 Qf4 53.Kh1 g3 54.Nf3 Rxh4+  0-1